Spoločensky zodpovedné podnikanie - výhody a bariéry implementácie diplomová práca

Saved in:
Bibliographic Details
Main Author: Sviatková, Erika
Corporate Author: Podnikovohospodárska fakulta EU so sídlom v Košiciach. Katedra manažmentu
Other Authors: Stankovič, Lýdia
Format: Book
Language:Slovak
Published: Košice 2013
Tags: Add Tag
No Tags, Be the first to tag this record!

MARC

LEADER 00000nbm a2200000 4500
001 0170175
005 20161109102326.1
041 0 |a slo 
044 |a SK 
245 1 0 |a Spoločensky zodpovedné podnikanie - výhody a bariéry implementácie  |b diplomová práca  |c Erika Sviatková ; školiteľ: Lýdia Stankovič 
264 1 |a Košice  |c 2013 
300 |a 73 s. 
100 1 |a Sviatková, Erika 
700 1 |a Stankovič, Lýdia 
710 2 |a Podnikovohospodárska fakulta EU so sídlom v Košiciach. Katedra manažmentu